| 000 | 00649nam a2200229Ia 4500 | ||
|---|---|---|---|
| 005 | 20241129120126.0 | ||
| 008 | 241129s9999||||xx |||||||||||||| ||und|| | ||
| 020 | _a9783527344147 | ||
| 037 | _aTB | ||
| 040 |
_aSDCL _beng _cSDCL |
||
| 041 |
_aeng _2eng |
||
| 084 |
_aG9X:68, R1 _qSDCL |
||
| 100 |
_aWink Michael _9712243 |
||
| 245 | 3 | _aAn Introduction to molecular biotechnology: Fundamentals, methods and applications | |
| 250 | _a3rd | ||
| 260 |
_aWeinheim _bWiley-VCH _c2021 |
||
| 300 | _axxiv,518p. | ||
| 365 |
_aUSD _b120.95 |
||
| 650 | _aPlant Molecular Biology | ||
| 942 |
_cTB _hG9X:68, R1 |
||
| 999 |
_c1233453 _d1233453 |
||